Ferdie makes a friend / (Record no. 21763)

000 -LEADER
fixed length control field 00505nam a22001697a 4500
003 - CONTROL NUMBER IDENTIFIER
control field OSt
005 - DATE AND TIME OF LATEST TRANSACTION
control field 20260122121714.0
008 - FIXED-LENGTH DATA ELEMENTS--GENERAL INFORMATION
fixed length control field 260122t2022 xxua|||| |||| 00| 0 eng d
020 ## - INTERNATIONAL STANDARD BOOK NUMBER
International Standard Book Number 9781503761698
040 ## - CATALOGING SOURCE
Transcribing agency csu
100 ## - MAIN ENTRY--PERSONAL NAME
Personal name Maruyama, Jerrod,
Relator term illustrator.
245 ## - TITLE STATEMENT
Title Ferdie makes a friend /
Statement of responsibility, etc illustrated by Maruyama
260 ## - PUBLICATION, DISTRIBUTION, ETC. (IMPRINT)
Place of publication, distribution, etc United States:
Name of publisher, distributor, etc Disney Enterprises, Inc.,
Date of publication, distribution, etc c2022.
300 ## - PHYSICAL DESCRIPTION
Extent 29 pages:
Other physical details colored illustrations.
700 ## - ADDED ENTRY--PERSONAL NAME
Personal name Maruyama, Jerrod,
Relator term illustrator.
942 ## - ADDED ENTRY ELEMENTS (KOHA)
Source of classification or shelving scheme
Koha item type Books
Holdings
Price effective from Permanent Location Date last seen Not for loan Date acquired Source of classification or shelving scheme Koha item type Lost status Withdrawn status Source of acquisition Collection code Damaged status Barcode Shelving location Current Location Full call number
2026-01-22Cagayan State University - Carig Library2026-01-22 2026-01-22 Books  DonationChildren Section C000642Children SectionCagayan State University - Carig LibraryCS C642 M3684 2022

Cagayan State University University Library, Carig Campus
Tuguegarao City, Cagayan 3500 | www.csucarig.edu.ph

Powered by Koha